| 000 | 00995nam a22001697a 4500 | ||
|---|---|---|---|
| 008 | 200310b xxu||||| |||| 00| 0 eng d | ||
| 020 | _a9781133187868 | ||
| 050 | _aHF5686.C8 S352(16e) | ||
| 100 | _aVanDerbeck, Edward J. | ||
| 245 |
_aPrinciples of cost accounting. / _cEdward J. VanDerbeck. |
||
| 250 | _a16th ed. | ||
| 260 |
_aMason : _bSouth-Western Cengage Learning, _c2013. |
||
| 300 |
_axx, 574 p. : _bill. ; _c26 cm. |
||
| 500 | _aIncludes index. | ||
| 505 | _aContents: Introduction to cost accounting -- Accounting for materials -- Accounting for labor -- Accounting for factory overhead -- Process cost accounting - general procedures -- Process cost accounting - additional procedures; accounting for joint products and by-products -- The master budget and flexible budgeting -- Standard cost accounting - materials, labor, and factory overhead -- Cost accounting for service businesses and the balanced scorecard -- Cost analysis for management decision making. | ||
| 942 |
_2lcc _cBK |
||
| 999 |
_c7146 _d14646 |
||